Gazdasági viszonyaink a XVIII. század első felében

Elmentve itt :
Bibliográfiai részletek
Szerző: Pólya Jakab
Dokumentumtípus: Cikk
Megjelent: 1895
Sorozat:Magyar gazdaságtörténelmi szemle 2
Kulcsszavak:Közgazdaságtudomány, Gazdaságtörténet
Online Access:http://misc.bibl.u-szeged.hu/90
LEADER 00608nab a2200169 i 4500
001 misc90
005 20191106144304.0
008 170607s1895 hu o 0|| hun d
040 |a SZTE Miscellanea Repozitórium  |b hun 
041 |a hun 
100 1 |a Pólya Jakab 
245 1 0 |a Gazdasági viszonyaink a XVIII. század első felében  |h [elektronikus dokumentum] /  |c  Pólya Jakab 
260 |c 1895 
300 |a 201-210 
490 0 |a Magyar gazdaságtörténelmi szemle  |v 2 
695 |a Közgazdaságtudomány, Gazdaságtörténet 
856 4 0 |u http://misc.bibl.u-szeged.hu/90/1/gazd_tort_szeml_1895_201-210.pdf  |z Dokumentum-elérés